000 00711nam a22002057a 4500
005 20251108171741.0
008 250721s2002 xx 000 0 ara d
082 1 4 _aم/214/ألب
100 1 _aالألباني، محمد بن ناصر الدين
245 1 0 _aالعقيدة أولاً: لو كانوا يعلمون /
264 1 _aعمان :
_bمكتبة الغرباء الإسلامية،
_c2002.
300 _aمج.
650 1 7 _aالعقيدة الدينية
650 1 7 _aالإسلام
650 1 7 _aالأحكام الشرعية
650 1 7 _aالشريعة الإسلامية
700 1 _aأبو إسلام، صالح بن طه عبد الواحد
942 _2ddc
_cREF
999 _c61582
_d61582